| 000 | 00723nam a2200241 i 4500 | ||
|---|---|---|---|
| 001 | 9131 | ||
| 003 | ES-MaACL | ||
| 005 | 20230906145618.0 | ||
| 007 | t| | ||
| 008 | 930519s1991 sp ||||1| spa d | ||
| 020 | _a84-87075-21-5 | ||
| 080 | _a86.0(72)-24"19" | ||
| 080 | _a86.0(72)(Leñero,V.7 N.01) | ||
| 100 | 1 |
_aLeñero, Vicente. _971564 |
|
| 245 | 1 | 3 |
_aLa Noche de Hernán Cortés / _cVicente Leñero. |
| 260 |
_aMadrid : _bEl Público, Centro de Documentación Teatral, _cD.L. 1991. |
||
| 300 |
_a92 p. ; _c21 cm. |
||
| 490 | 1 |
_aTeatro ; _v19 |
|
| 710 | 2 |
_aCentro de Documentación Teatral (España) _92605 |
|
| 830 | 0 |
_aTeatro ; _v19 _9178026 |
|
| 852 |
_aES-MaACL _jL-16576 _bR.120877 |
||
| 999 |
_c9131 _d9131 |
||